| 000 | 00968nam a22002055i 4500 | ||
|---|---|---|---|
| 001 | 163837 | ||
| 003 | ES-MaACL | ||
| 005 | 20251121165958.0 | ||
| 008 | 991102s1884 sp |||| |dspa d | ||
| 040 |
_aCCPB | B _bspa _cCCPB | B |
||
| 100 | 1 |
_aRodríguez Villa, Antonio, _d1843-1912 _998860 |
|
| 245 | 1 | 3 |
_aEl Duque de Alburquerque en la Batalla de Rocroy _b: impugnación á un artículo del Duque de Aumale sobre esta batalla y noticia biográfica de aquel personaje / _cpor A. Rodríguez Villa. |
| 260 |
_aMadrid : _b[s.n.], _c1884 ( _fImprenta de D. G. Hernando) |
||
| 300 |
_a94 p. ; _c20 cm. |
||
| 600 | 1 | 7 |
_aAumale, Henri d'Orléans, _cduc d', _d1822-1897 _2 _9157246 |
| 600 | 1 | 7 |
_aFernández de la Cueva, Francisco, _cDuque de Alburquerque, _d1619-1676 _2 _9157247 |
| 650 | 4 |
_aRocroi, Batalla de, 1643. _9157248 |
|
| 852 |
_aES-MaACL _jT-879-F-3 _z-- Enc. hol., conservando la cub. original _z-- Enc. en un vol. facticio |
||
| 999 |
_c163837 _d163837 |
||